Record di Gol per ogni squadra di Serie B - Statistics

Statistiche generali
  • Questo quiz è stato fatto 6 volte
  • Il punteggio medio è 5 su 151
Statistiche sulle risposte
Squadra Gol Nazione Anni Calciatore % Corretto
Empoli 82 Italia 2001-2002, 2004-2005, 2011-2014 Francesco Tavano
67%
Brescia 132 Italia 2008-2010, 2012-2018 Andrea Caracciolo
50%
Avellino 51 Italia 2013-2018 Luigi Castaldo
33%
Nocerina 10 Italia 2011-2012 Luigi Castaldo
33%
Torino 78 Italia 1996-1999, 2000-2001, 2003-2004 Marco Ferrante
33%
Lecce 42 Italia 2020-2022 Massimo Coda
33%
Benevento 28 Italia 2018-2020 Massimo Coda
33%
Crotone 34 Nigeria 2018-2020 Simy
33%
Rimini 35 Argentina 2005-2009 Adrián Ricchiuti
17%
Juventus 20 Italia 2006-2007 Alessandro Del Piero
17%
Feralpisalò 8 Italia 2023-2024 Andrea La Mantia
17%
Genoa 65 Italia 1998-2002 Cosimo Francioso
17%
Piacenza 52 Italia 2000-2001, 2003-2005, 2005-2008, 2010-2011 Daniele Cacia
17%
Südtirol 18 Italia 2022- Daniele Casiraghi
17%
Frosinone 52 Italia 2014-2015, 2016-2018, 2019-2021 Federico Dionisi
17%
Carpi 32 Nigeria 2013-2015, 2017-2018 Jerry Mbakogu
17%
Cosenza 61 Italia 1989-1997 Luigi Marulla
17%
Cittadella 38 Italia 2008-2009, 2016-2021 Manuel Iori
17%
Catanzaro 60 Italia 1974-1976, 1977-1978, 1987-1990 Massimo Palanca
17%
Perugia 42 Italia 2015-2016, 2016-2018, 2022-2023 Samuel Di Carmine
17%
Centese 6 Italia 1947-1948 Alberto Baruzzi
0%
Pro Gorizia 11 Italia 1947-1948 Alberto Milli
0%
Seregno 76 Italia 1933-1935, 1946-1949, 1950-1951 Aldo Boffi
0%
Derthona 7 Italia 1933-1935 Aldo Croce
0%
Gubbio 14 Italia 1947-1948 Aldo Tugnoli
0%
Sassuolo 38 Italia 2008-2012 Alessandro Noselli
0%
Rieti 11 Italia 1947-1948 Alfredo Chiaretti
0%
Siena 31 Italia 1938-1942 Amelio Gambini
0%
Acireale 9 Italia 1994-1995 Andrea Pistella
0%
Liguria 16 Italia 1940-1941 Angelo Meroni
0%
Fiumana 16 Italia 1941-1942 Angelo Oliviero
0%
Gallaratese 20 Italia 1947-1948 Antonino Pietta
0%
Arsenaltaranto 11 Italia 1946-1947 Antonio Bellucco
0%
Arezzo 28 Italia 2005-2007 Antonio Floro Flores
0%
Taranto 35 Italia 1956-1960 Antonio Giammarinaro
0%
Virtus Lanciano 25 Italia 2013-2016 Antonio Piccolo
0%
Monza 38 Italia 1955-1957 Aurelio Milani
0%
Mestrina 11 Italia 1946-1947 Bruno De Lazzari
0%
Crema 41 Italia 1946-1948 Bruno Mazza
0%
Legnano 68 Italia 1946-1951 Bruno Mozzambani
0%
MATER 10 Italia 1942-1943 Bruno Pisani
0%
Roma 12 Italia 1951-1952 Carlo Galli
0%
La Dominante 15 Italia 1929-1930 Carlo Gianelli
0%
Palermo 44 Italia 1930-1932 Carlo Radice
0%
Magenta 6 Italia 1947-1948 Cesare Pastori
0%
Sampierdarenese 38 Italia 1932-1934 Cherubino Comini
0%
Fiorentina 23 Italia 2003-2004 Christian Riganò
0%
Bologna 44 Italia 2005-2007 Claudio Bellucci
0%
Castel di Sangro 10 Italia 1996-1997 Claudio Bonomi
0%
Foggia 54 Italia 1960-1961, 1962-1964, 1967-1969 Cosimo Nocera
0%
Cavese 12 Italia 1982-1983 Costante Tivelli
0%
Pro Sesto 22 Italia 1946-1949 Costantino Galbiati
0%
Portogruaro 13 Italia 2010-2011 Cristian Altinier
0%
Centese 6 Italia 1947-1948 Dante Nardi
0%
Cesena 74 Italia 1992-1997 Dario Hübner
0%
Salernitana 37 Italia 1999-2001 David Di Michele
0%
Reggina 35 Italia 1996-1997, 2001-2002 Davide Dionigi
0%
Triestina 46 Italia 2003-2006, 2009-2011 Denis Godeas
0%
Mantova 43 Italia 2007-2009 Denis Godeas
0%
Scafatese 17 Italia 1946-1947 Domenico De Vito
0%
Vogherese 17 Italia 1946-1947 Elio Canonico
0%
Prato 28 Italia 1946-1948, 1949-1950 Emilio Ferrari
0%
Pro Patria 41 Italia 1960-1964 Enrico Muzzio
0%
Pro Sesto 22 Italia 1946-1949 Enrico Pirovano
0%
Pisa 57 Italia 1946-1952 Enzo Loni
0%
Macerata 9 Italia 1940-1941 Erminio Cartoni
0%
Savona 15 Italia 1940-1943 Ernesto Tomasi
0%
Vita Nova 11 Italia 1947-1948 Eugenio Zordan
0%
Pescara 56 Italia 1994-1997, 1999-2001, 2003-2005 Federico Giampaolo
0%
Grosseto 41 Italia 2008-2009, 2011-2013 Ferdinando Sforzini
0%
Pistoiese 22 Italia 2000-2002 Francesco Baiano
0%
Bari 46 Italia 2008-2009, 2011-2015 Francesco Caputo
0%
Virtus Entella 35 Italia 2015-2017 Francesco Caputo
0%
Sambenedettese 54 Italia 1974-1980 Francesco Chimenti
0%
Ravenna 24 Italia 1997-2001 Francesco Dell'Anno
0%
Sampdoria 47 Italia 1999-2003 Francesco Flachi
0%
Sanremese 29 Italia 1937-1940 Francesco Imberti
0%
Licata 22 Italia 1988-1990 Francesco La Rosa
0%
Barletta 13 Italia 1988-1990 Francesco Vincenzi
0%
SPAL 34 Italia 1964-1965, 1973-1976, 1977-1978 Franco Pezzato
0%
Pavia 13 Italia 1953-1954 Franco Rosa
0%
Marzotto Valdagno 36 Italia 1954-1960 Fulvio Mosca
0%
Alzano Virescit 12 Italia 1999-2000 Giacomo Ferrari
0%
Trani 9 Italia 1965-1966 Giampaolo Piaceri
0%
L'Aquila 32 Italia 1934-1937 Giovanni Battioni
0%
Piombino 18 Italia 1951-1953 Giovanni Bodini
0%
Molinella 12 Italia 1939-1940 Giovanni Busoni
0%
Venezia 43 Italia 1956-1960 Giovanni Calegari
0%
Spezia 68 Italia 1940-1943, 1946-1949 Giovanni Costa
0%
Biellese 26 Italia 1946-1947 Giovanni Costanzo
0%
Atalanta 44 Italia 1929-1934 Giulio Panzeri
0%
Savoia 20 Italia 1947-1948 Giuseppe D'Avino
0%
Massese 6 Italia 1970-1971 Giuseppe Fichera
0%
Padova 49 Italia 1989-1994 Giuseppe Galderisi
0%
Pro Vercelli 44 Italia 1937-1940, 1946-1948 Giuseppe Pozzo
0%
Catania 46 Italia 1950-1954, 1955-1956 Guido Klein
0%
Reggiana 32 Italia 1949-1951 Gustavo Scagliarini
0%
Livorno 47 Italia 2002-2004 Igor Protti
0%
Matera 6 Italia 1979-1980 Italo Florio
0%
Latina 14 Brasile 2013-2014 Jonathas
0%
Lazio 33 Argentina 1961-1963, 1967-1969 Juan Carlos Morrone
0%
Siracusa 60 Italia 1946-1953 Luciano Cavaleri
0%
Treviso 46 Italia 1998-2000, 2006-2009 Luigi Beghetto
0%
Casale 27 Italia 1929-1930, 1938-1939 Luigi Demarchi
0%
Cagliari 56 Italia 1976-1979, 1983-1987 Luigi Piras
0%
Ancona 47 Italia 1938-1941, 1942-1943 Luigi Torti
0%
Alba Roma 12 Italia 1946-1947 Luigi Vettraino
0%
AlbinoLeffe 46 Italia 2006-2010 Marco Cellini
0%
Novara 71 Italia 1934-1936, 1937-1938 Marco Romano
0%
Como 41 Italia 1931-1934 Marco Romano
0%
Juve Stabia 21 Italia 2011-2012 Marco Sau
0%
Gallipoli 6 Italia 2009-2010 Mario Artistico
0%
Cremonese 55 Italia 1946-1950 Mario Barera
0%
Alessandria 37 Italia 1939-1943 Mario Foglia
0%
Fermana 9 Italia 1999-2000 Massimiliano Fanesi
0%
Ternana 62 Italia 1997-1999, 2000-2004 Massimo Borgobello
0%
Trapani 36 Italia 2013-2015 Matteo Mancosu
0%
Sestrese 21 Italia 1946-1947 Natale Biddau
0%
Fanfulla 45 Italia 1946-1948, 1952-1954 Natale Dalcerri
0%
Brindisi 10 Italia 1975-1976 Nerio Ulivieri
0%
Fidelis Andria 15 Italia 1994-1995 Nicola Amoruso
0%
Grion Pola 12 Italia 1932-1934 Nicolò Curto
0%
Fidelis Andria 15 Italia 1997-1998 Oberdan Biagioni
0%
Ascoli 46 Germania 1992-1995 Oliver Bierhoff
0%
Varese 29 Nigeria 2010-2011, 2012-2013 Osarimen Ebagua
0%
Campobasso 23 Italia 1982-1985 Oscar Tacchi
0%
Sorrento 6 Italia 1971-1972 Paolino Bozza
0%
Parma 35 Italia 1954-1957 Paolo Erba
0%
Pordenone 14 Italia 2019-2021 Patrick Ciurria
0%
Vigevano 30 Italia 1932-1936, 1946-1948 Piero Colli
0%
Brindisi 10 Italia 1973-1974 Pietro Michesi
0%
Chievo 34 Italia 1996-1999 Raffaele Cerbone
0%
Modena 62 Italia 1949-1954 Renato Brighenti
0%
Messina 59 Italia 1932-1937 Renato Ferretti
0%
Carrarese 17 Italia 1946-1947 Renzo Suozzi
0%
Suzzara 13 Italia 1946-1947 Roberto Beghi
0%
Lucchese 105 Italia 1990-1999 Roberto Paci
0%
Napoli 29 Italia 1999-2000, 2001-2003 Roberto Stellone
0%
Monfalconese CNT 25 Italia 1929-1932 Romolo Simonetti
0%
Casertana 15 Italia 1991-1992 Salvatore Campilongo
0%
Viareggio 36 Italia 1933-1936, 1946-1948 Sergio Angelini
0%
Milan 16 Italia 1980-1981, 1982-1983 Sergio Battistini
0%
Lecco 52 Brasile 1962-1966 Sergio Clerici
0%
Bolzano 7 Italia 1947-1948 Sergio Maestri
0%
Verona 73 Italia 1946-1952, 1954-1955 Sergio Sega
0%
Forlì 9 Italia 1946-1947 Sergio Spini
0%
Centese 6 Italia 1947-1948 Silvio Naldi
0%
Nocerina 10 Italia 1978-1979 Stanislao Bozzi
0%
L.R. Vicenza 74 Italia 2001-2008 Stefan Schwoch
0%
Potenza 26 Italia 1963-1968 Vincenzo Rosito
0%
Udinese 81 Italia 1930-1932, 1939-1943, 1946-1948 Walter D'Odorico
0%
Nessun quiz corrispondente trovato
Distribuzione punteggi
Percentuale di utenti per punteggio
Percentile per numero di risposta
I tuoi punteggi nel tempo
Non hai fatto questo quiz